00461nam a2200157Ia 4500008004100000020001800041082001500059100002200074245007300096250000700169260003700176300002300213500001900236600003300255650001500288240925s9999 xx 000 0 und d a9788122314724 a808.04 PRA aPrasoon, Shrikant 0aEnglish Writing Course: 20 day course to enhance your writing skills aNA aNew Delhi:bPustak Mahalc,2014. a414p.b0fOriginal aIncludes Index aHumanities & Natural Science aLiterature